Harmonics, sidebands, and transients in communication engineering (Record no. 69022)
[ view plain ]
| 000 -LEADER | |
|---|---|
| fixed length control field | 00488nam a22001577a 4500 |
| 003 - CONTROL NUMBER IDENTIFIER | |
| control field | NUST - PNEC |
| 005 - DATE AND TIME OF LATEST TRANSACTION | |
| control field | 20170116181108.0 |
| 008 - FIXED-LENGTH DATA ELEMENTS--GENERAL INFORMATION | |
| fixed length control field | 151003b xxu||||| |||| 00| 0 eng d |
| 040 ## - CATALOGING SOURCE | |
| Transcribing agency | LIBRARY |
| 082 ## - DEWEY DECIMAL CLASSIFICATION NUMBER | |
| Classification number | 516.56 CUC |
| 100 ## - MAIN ENTRY--PERSONAL NAME | |
| 9 (RLIN) | 12768 |
| Personal name | Cuccia, C. Louis |
| 245 ## - TITLE STATEMENT | |
| Title | Harmonics, sidebands, and transients in communication engineering |
| Remainder of title | as studied by the Fourier and Laplace analyses. |
| Statement of responsibility, etc. | C. Louis Cuccia |
| 260 ## - PUBLICATION, DISTRIBUTION, ETC. | |
| Date of publication, distribution, etc. | 1952 |
| 650 ## - SUBJECT ADDED ENTRY--TOPICAL TERM | |
| 9 (RLIN) | 1728 |
| Topical term or geographic name entry element | Telecommunication |
| General subdivision | MIS |
| 942 ## - ADDED ENTRY ELEMENTS (KOHA) | |
| Source of classification or shelving scheme | |
| Koha item type | Book |
| Withdrawn status | Lost status | Source of classification or shelving scheme | Damaged status | Not for loan | Permanent Location | Current Location | Shelving location | Date acquired | Total Checkouts | Full call number | Barcode | Date last seen | Price effective from | Koha item type |
|---|---|---|---|---|---|---|---|---|---|---|---|---|---|---|
| Pakistan Navy Engineering College (PNEC) | Pakistan Navy Engineering College (PNEC) | 516.56 CUC | PNECLIB-006856 | 10/03/2015 | Book |
